Cáo trạng những vấn đề pháp lý và thực tiễn
Chuyên ngành: Luật hình sự; Mã số 60 38 40; Luận văn Thạc sĩ trường Đại học Luật TP. Hồ Chí Minh, 2009; Những nhận thức cơ bản về cáo trạng trong tố tụng hình sự. Thực trạng lập pháp tố tụng hình sự và hoạt động xây dựng cáo trạng của...
Uloženo v:
| Hlavní autor: | |
|---|---|
| Další autoři: | |
| Médium: | Kniha |
| Jazyk: | Undetermined |
| Vydáno: |
Tp. Hồ Chí Minh
2009
|
| Témata: | |
| On-line přístup: | http://lrc.tdmu.edu.vn/opac/search/detail.asp?aID=2&ID=17708 |
| Tagy: |
Přidat tag
Žádné tagy, Buďte první, kdo otaguje tento záznam!
|
| Thư viện lưu trữ: | Trung tâm Học liệu Trường Đại học Thủ Dầu Một |
|---|
| LEADER | 01340nam a2200205Ia 4500 | ||
|---|---|---|---|
| 001 | TDMU_17708 | ||
| 008 | 210410s9999 xx 000 0 und d | ||
| 082 | |a 345.597 | ||
| 090 | |b NG527 | ||
| 100 | |a Nguyễn, Duy Dũng | ||
| 245 | 0 | |a Cáo trạng những vấn đề pháp lý và thực tiễn | |
| 245 | 0 | |c Nguyễn Duy Dũng; TS. Nguyễn Duy Thuân (Hướng dẫn) | |
| 260 | |a Tp. Hồ Chí Minh | ||
| 260 | |c 2009 | ||
| 300 | |a 68tr.+ Phụ lục | ||
| 520 | |a Chuyên ngành: Luật hình sự; Mã số 60 38 40; Luận văn Thạc sĩ trường Đại học Luật TP. Hồ Chí Minh, 2009; Những nhận thức cơ bản về cáo trạng trong tố tụng hình sự. Thực trạng lập pháp tố tụng hình sự và hoạt động xây dựng cáo trạng của viện kiểm sát . Hoàn thiện các qui định pháp luật về cáo trạng và kỹ năng viết cáo trạng.; TM tài liệu tham khảo 2tr. Sau phần phụ lục | ||
| 650 | |a Luận văn; Tố tụng hình sự |x Cáo trạng |z Việt Nam | ||
| 700 | |a Nguyễn, Duy Thuân | ||
| 856 | |u http://lrc.tdmu.edu.vn/opac/search/detail.asp?aID=2&ID=17708 | ||
| 980 | |a Trung tâm Học liệu Trường Đại học Thủ Dầu Một | ||